Normal view
MARC view
- Supervisor: Dr imran hashmi
Entry Personal Name
001 - CONTROL NUMBER
- control field: 120474
003 - CONTROL NUMBER IDENTIFIER
- control field: NUST
005 - DATE AND TIME OF LATEST TRANSACTION
- control field: 20240215103209.0
008 - FIXED-LENGTH DATA ELEMENTS
- fixed length control field: 240215|| aca||aabn | a|a d
040 ## - CATALOGING SOURCE
- Original cataloging agency: NUST
- Transcribing agency: NUST
100 ## - HEADING--PERSONAL NAME
- Personal name: Supervisor: Dr imran hashmi
670 ## - SOURCE DATA FOUND
- Source citation: Work cat.: (NUST): Iftikhar, Nazish 120473, Toxicity Assessment of Selected Antibiotic with Titanium Dioxide Nanoparticles and Evaluation of Quorum Quenching Potential Using Fish as Model Organism/
